Vysoké Tatry pohľad ponad Mengusovskú dolinu na Kôpky (2354 m ) : Vysokú (2560 m) a Zlobivú (2426 m)

Bibliographic Details
Format: Postcard
Language:Slovak
PhysicalDescription:1 pohľadnica čiernobiela 11 x 15 cm
Published: [S.l.] VPL [s.a.]
Subjects:

MARC

LEADER 00000nkm a2200000 a 4500
001 vtls010859307
003 SK-MaSNL
005 20260512123402.0
007 kp bo
008 231214n xx g 00 kuslo
015 |a SNBG 
035 |a 7598A406-5F69-4132-A91D-38E3079A7D71 
035 |a urn:nbn:sk:snk-kmy0h8 
035 |a urn:nbn:sk:snk-km007x0r 
040 |a SNK  |b slo  |c SNK  |e AACR2 
041 0 |a slo 
043 |a e-xo--- 
044 |a xx 
080 |a 911.2(23.0)  |2 2001 
080 |a 913(437.6-191.2)  |2 2001 
080 |a (084.121)  |2 2001 
245 0 0 |a Vysoké Tatry  |h grafika  |b pohľad ponad Mengusovskú dolinu na Kôpky (2354 m ) : Vysokú (2560 m) a Zlobivú (2426 m) 
260 |a [S.l.]  |b VPL  |c [s.a.] 
300 |a 1 pohľadnica  |b čiernobiela  |c 11 x 15 cm 
650 0 7 |a horské masívy  |2 SNKPH  |9 115560 
651 7 |a Vysoké Tatry (Poľsko a Slovensko : pohorie)  |2 SNKPHgeo  |9 67729 
651 7 |a Mengusovská dolina (Slovensko)  |2 SNKPHgeo  |9 160652 
655 7 |a geografické pohľadnice  |2 SNKPH  |9 70522 
852 |a Slovenská národná knižnica 
958 |a GC 
958 |a GBN 
958 |a OND 
999 |c 757342  |d 759272 
952 |a SNK  |b SNK  |y PREZ  |7 0  |p 17A1078710  |o snkSP 1173  |0 0  |1 0  |4 0  |d 2015-08-10  |f 1  |l 0  |r 2026-02-23 23:53:18  |w 2026-02-23